00667 a2200193 4500999001900000005001700019010001500036020002900051035001400080037001600094082001100110100001500121245005800136260005600194270005000250300002200300942003000322952012100352 c183000d18300020211214115659.0 aENG-130302 c149.00a978-93259-7415-9 aEN-113834 bDBAD / PUB a658.42 aRao, V S P aBusiness, Entrepreneurship and Management:bV S P Rao bVikas Publishing House Pvt ltdc2013aUttar Pradesh aE-28, Sector-28, NoidabUttar Pradeshe201301 a229p.c24cm (pbk) adplcEN2ddch658.42mVSP 001040708NFICaBNbBNd2021-12-14eDBAD/PUBg149.00l0o658.42 VSPpEN-113834r2021-12-14 00:00:00t1v149.00yEN